Scutellaria holguinensis (Lamiaceae), nueva especie del noreste de Cuba (Registro n. 332461)
[ somente texto ]
| 000 -LÍDER | |
|---|---|
| fixed length control field | 02152nab a2200241 i 4500 |
| 003 - CÓDIGO MARC DA AGÊNCIA CATALOGADORA | |
| Campo de controle | BR-BrBNA |
| 005 - DATA E HORA DA ÚLTIMA ATUALIZAÇÃO | |
| Campo de controle | 20250709101638.0 |
| 008 - CAMPO DE TAMANHO FIXO | |
| fixed length control field | 250709b2019 bl.ar|pooa||| 00| 0 spa | |
| 040 ## - FONTE DA CATALOGAÇÃO | |
| Agência catalogadora | BR-BrBNA |
| Idioma da catalogação | spa |
| 072 ## - CATEGORIA AGRIS | |
| Código AGRIS | F70 |
| 100 ## - ENTRADA PRINCIPAL - NOME PESSOAL | |
| Nome pessoal | Santos, Isidro E. Méndez |
| 100 ## - ENTRADA PRINCIPAL - NOME PESSOAL | |
| Nome pessoal | Tellez, Julio C. Rifa |
| 245 ## - TÍTULO PRINCIPAL | |
| Título principal | Scutellaria holguinensis (Lamiaceae), nueva especie del noreste de Cuba |
| 500 ## - NOTA GERAL | |
| Nota geral | Publicação on-line; 19 ref.; 2 illus.; Summaries (En, Es) |
| 942 ## - ADDED ENTRY ELEMENTS (KOHA) | |
| Koha item type | Analítica |
| 520 ## - NOTA DE RESUMO | |
| Nota de conteúdo | <br/><br/>Resumen<br/><br/>Se describe e ilustra una nueva especie de Scutelleria del norestede Cuba. Scutelleria holguinensis se ubica <br/>en Scutelleria subg. Scutellaria, sect. Scutellaria y está estrechamente relacionada con S. havanensis, de la<br/>cual difiere por ser plantas poco robustas, con follaje ralo; hojas orbiculares y flores magentas. Su distribución<br/>se encuentra limitada a la provincia de Holguín y de acuerdo con los parámetros establecidos por la IUCN,<br/>se encuentra en peligro crítico de extinción (CR).<br/><br/>Palabras clave: endemismo, especies amenazadas, matorrales xeromorfos espinosos sobre serpentinas,<br/>Provincia Holguín.<br/><br/><br/><br/><br/><br/>Abstract<br/><br/>A new species of Scutelleria from Northeastern Cuba is described and illustrated. Scutelleria holguinensis is<br/>placed into Scutelleria subg. Scutellaria, sect. Scutellaria and it is closely related with S. havanensis, from<br/>which it may be distinguished by being relatively few robust plants, with scattered branches, orbicular leaves<br/>and magenta flowers. Its distribution is limited to the province of Holguín and following IUCN standards, it<br/>is considered in critically endangered (CR).<br/><br/>Key words: endemism, threatened species, thorny xeromorph thicket on serpentine, Province of Holguín. |
| 650 ## - ASSUNTO - THESAGRO | |
| Cabeçalho tópico ou nome geográfico | TAXONOMIA |
| 650 ## - ASSUNTO - THESAGRO | |
| Cabeçalho tópico ou nome geográfico | CUBA |
| 650 ## - ASSUNTO - THESAGRO | |
| Cabeçalho tópico ou nome geográfico | PROVÍNCIA DE HOLGUÍN |
| 773 0# - ENTRADA ANALÍTICA | |
| Host Biblionumber | 709 |
| Registro do item | 351354 |
| Imprenta | Rio de Janeiro-RJ Jardim Botanico do Rio de Janeiro 1935 |
| Outro identificador | 2025-3977 |
| Título | Rodriguésia (Brazil) |
| ISSN | 0370-6583; 2175-7860 on-line |
| Colação | v. 70 p. 1-6; (2019) |
| Número de controle de registro | BR2025003190 |
| 856 ## - ACESSO E ENDEREÇO ELETRÔNICO | |
| Identificador uniforme de recurso - URI | https://www.scielo.br/j/rod/a/NRV7jFtbM85JKmZL4qmDgYr/?format=pdf&lang=es |
Nenhum exemplar disponível.

BINAGRI